Possibilities of using virtualization at FEI STU in Bratislava

Uložené v:
Podrobná bibliografia
Hlavný autor: Dúbravec, Peter (Autor)
Ďalší autori: Medvecký, Martin (Vedúci práce)
Médium: Rukopis Kniha
Jazyk:Slovak
English
Vydavateľské údaje: Bratislava : STU v Bratislave FEI, 2022
Predmet:
On-line prístup:https://opac.crzp.sk/?fn=detailBiblioFormChildIBR2C&sid=B599B75453D2B93F18D53375B660&seo=CRZP-detail-kniha
Tagy: Pridať tag
Žiadne tagy, Buďte prvý, kto otaguje tento záznam!

MARC

LEADER 00000ntm a22000003a 4500
001 stuzp90453
003 SK-STU
005 20230118103029.3
007 ta
008 150427s2015----xo-----f-mn---000-0-slo-d
040 |a STU  |b slo 
041 0 |a eng 
044 |a xo 
100 1 |a Dúbravec, Peter  |u 037000  |4 aut  |U FEI Fakulta elektrotechniky a informatiky  |T FEI Ústav multimediálnych informačných a komunikačných technológií  |X 93930  |U E070  |Y 818  |7 93930 
242 0 1 |a Možnosti využitia virtualizácie na FEI STU  |y slo 
245 1 0 |a Possibilities of using virtualization at FEI STU in Bratislava 
260 |a Bratislava :  |b STU v Bratislave FEI,  |c 2022 
300 |a 61 s. 
650 4 |a Virtualizácia  |2 slo 
650 4 |a Cloud  |2 slo 
650 4 |a Vzdelávanie  |2 slo 
650 4 |a Virtualization  |2 eng 
650 4 |a Education  |2 eng 
650 4 |a Cloud  |2 eng 
700 1 |a Medvecký, Martin  |u 037000  |k Z1  |4 ths  |U FEI Fakulta elektrotechniky a informatiky  |T FEI Ústav multimediálnych informačných a komunikačných technológií  |X 1980  |U E070  |Y 818  |7 A000001980 
856 4 |u https://opac.crzp.sk/?fn=detailBiblioFormChildIBR2C&sid=B599B75453D2B93F18D53375B660&seo=CRZP-detail-kniha